| 000 | 00980nam a2200289Ia 4500 | ||
|---|---|---|---|
| 003 | OSt | ||
| 005 | 20260212092936.0 | ||
| 008 | 210210b2003 xxu||||| |||| 00| 0 eng d | ||
| 040 | _cAL | ||
| 041 | _aKannada | ||
| 082 | _a914.404K PRAS | ||
| 100 |
_aPRABHAKARA SHISHILA _dಪ್ರಭಾಕರ ಶಿಶಿಲ _9254477 |
||
| 245 |
_aSamskratiya shodhadalli: Indo French samskratika vinimaya anubhava kathana _bಸಂಸ್ಕೃತೀಯ ಶೋಧದಲ್ಲಿ: ಇಂಡೋ ಫ್ರೆಂಚ್ ಸಂಸ್ಕೃತೀಯ ವಿನಮಯ ಅನುಭವ ಕಥನ |
||
| 260 |
_aMaisuru _bRaj Prakashana _c2003 |
||
| 300 | _aviii,188 | ||
| 650 |
_avinimaya _9254478 |
||
| 650 |
_ashOdhadalli: _9254479 |
||
| 650 |
_aSamskratiya _9254480 |
||
| 650 |
_asamskratika _9254481 |
||
| 650 |
_akathana _9254482 |
||
| 650 |
_ainDo _9254483 |
||
| 650 |
_aFrench _9254484 |
||
| 650 |
_aanubhava _9254485 |
||
| 690 |
_aTravel _9254486 |
||
| 906 | _a065232 | ||
| 942 |
_2ddc _cBK |
||
| 999 |
_c142645 _d142645 |
||